Bytový dom

Saved in:
Bibliographic Details
Main Author: Mikleová, Silvia (Author)
Other Authors: Palková, Adela (Thesis advisor)
Format: Manuscript Book
Language:Slovak
Published: 2020
Subjects:
Online Access:http://is.stuba.sk/zp/portal_zp.pl?podrobnosti=153021
https://opac.crzp.sk/?fn=detailBiblioForm&sid=551040C4B46A551A4669FCC2BF23
Tags: Add Tag
No Tags, Be the first to tag this record!

MARC

LEADER 00000ntm a22000003a 4500
001 stuzp72893
003 SK-STU
005 20230519135346.1
007 ta
008 150427s2015----xo-----f-mn---000-0-slo-d
040 |a STU  |b slo 
041 0 |a slo 
100 1 |a Mikleová, Silvia  |u 010180  |4 aut  |U SvF Stavebná fakulta  |T SvF Katedra konštrukcií pozemných stavieb  |X 81164  |U V180  |Y 18  |7 81164 
242 0 1 |a Residential building  |y eng 
245 1 0 |a Bytový dom 
260 |c 2020 
650 4 |a polyfunkcia  |2 slo 
650 4 |a objekt  |2 slo 
650 4 |a bytový dom  |2 slo 
650 4 |a apartment building  |2 eng 
650 4 |a polyfunction  |2 eng 
650 4 |a object  |2 eng 
700 1 |a Palková, Adela  |u 010180  |k Z1  |4 ths  |U SvF Stavebná fakulta  |T SvF Katedra konštrukcií pozemných stavieb  |X 38081  |U V180  |Y 18  |7 A000038081 
856 4 |u http://is.stuba.sk/zp/portal_zp.pl?podrobnosti=153021 
856 4 |u https://opac.crzp.sk/?fn=detailBiblioForm&sid=551040C4B46A551A4669FCC2BF23